000 00805nam a2200217Ia 4500
001 7297
003 GE_BSU
008 181216s||||||||xx |||||||||||||| ||und||
040 _cGE_BSU
080 _a621.643
100 _aГальперин,А.И.
245 _aМонтажно-строительные машины и механизмы для сооружения магистральных трубопроводов.
245 _bУчебник.
245 _cВед.ред. М.М.Новикова.
260 _aМ.
260 _bНедра.
260 _c1964.
300 _a356стр.22см.с илл.
653 _aМонтажно-строительные машины и механизмы для сооружения магистральных трубопроводов.
942 _cBK
999 _c40669
_d40669